000 00728nam a2200193 i 4500
001 32954
003 ES-MaACL
005 20250730063054.0
007 t|
008 030131m18551856fr ||||1| fre d
100 1 _aBernard, Claude,
_d1813-1878
_928231
245 1 0 _aLeçons de physiologie expérimentale applique a la médecine
_b: faites au collége de France /
_cpar M. Claude Bernard.
260 _aParis :
_bJ.B. Baillière et Fils,
_c1855-1856.
300 _a2 v. :
_bil. ;
_c21 cm.
505 8 _aContiene: t. 1. Cours du semestre d'hiver 1854-1855 (520 p.) -- t. 2. Cours du semestre d'été 1855 (510 p.)
650 4 _aFisiología humana.
_912890
852 _aES-MaACL
_jB-566-67
999 _c32954
_d32954